Top Song Every Year by Letter - O - Statistics

General Stats
  • This quiz has been taken 23 times
    3 since last reset
  • The average score is 12 of 63
Answer Stats
Year # Artist Song % Correct
1969 11 Three Dog Night One
100%
1992 60 U2 One
100%
2015 51 Nicki Minaj ft. Drake, Lil Wayne, and Chris Brown Only
100%
2009 41 Mariah Carey Obsessed
50%
2019 1 Lil Nas X ft. Billy Ray Cyrus Old Town Road
50%
2010 5 Usher ft. will.i.iam OMG
50%
1977 30 Stephen Bishop On and On
50%
2016 3 Drake ft. Wizkid and Kyla One Dance
50%
2018 68 Calvin Harris and Dua Lipa One Kiss
50%
2020 59 Old Dominion One Man Band
50%
2012 18 Maroon 5 One More Night
50%
2013 38 Maroon 5 One More Night
50%
2022 30 Post Malone and the Weeknd One Right Now
50%
1960 20 Roy Orbison Only the Lonely
50%
1982 29 The Motels Only the Lonely
50%
1959 52 Franck Pourcel Only You (And You Alone)
50%
2011 11 Jennifer Lopez ft. Pitbull On the Floor
50%
2000 55 Britney Spears Oops!... I Did It Again
50%
2025 7 Alex Warren Ordinary
50%
2008 41 Taylor Swift Our Song
50%
1984 8 Yes Owner of a Lonely Heart
50%
1967 3 Bobbie Gentry Ode to Billie Joe
0%
2005 21 Ciara ft. Ludacris Oh
0%
1973 57 Hurricane Smith Oh, Babe, What Would You Say?
0%
1972 13 The Chi-Lites Oh Girl
0%
1966 78 The Shades of Blue Oh How Happy
0%
1964 4 Roy Orbison Oh, Pretty Woman
0%
1962 81 Walter Brennan Old Rivers
0%
1995 5 Boyz II Men On Bended Knee
0%
1971 4 The Osmonds One Bad Apple
0%
2004 25 Chingy ft. J-Weav One Call Away
0%
1974 10 Mac Davis One Hell of a Woman
0%
2002 27 Creed One Last Breath
0%
2001 57 Missy Elliott ft. Ludacris One Minute Man
0%
1988 11 George Michael One More Try
0%
1991 5 Timmy T One More Try
0%
1975 10 Eagles One of These Nights
0%
1983 39 Hall & Oates One on One
0%
1996 2 Mariah Carey and Boyz II Men One Sweet Day
0%
2023 37 Morgan Wallen One Thing at a Time
0%
1998 51 Barenaked Ladies One Week
0%
1987 26 Debbie Gibson Only in My Dreams
0%
1976 35 Dr. Hook Only Sixteen
0%
2021 36 Lil Baby On Me
0%
2024 91 Victoria Monet On My Mama
0%
1986 4 Patti LaBelle and Michael McDonald On My Own
0%
1989 19 Bobby Brown On Our Own
0%
2007 82 Pretty Ricky On the Hotline
0%
1980 52 Donna Summer On the Radio
0%
1961 29 Floyd Cramer On the Rebound
0%
1997 41 Gina G Ooh Aah... Just a Little Bit
0%
1970 21 Five Stairsteps O-o-h Child
0%
1965 93 The Miracles Ooo Baby Baby
0%
1979 77 Linda Ronstadt Ooo Baby Baby
0%
1990 14 Paula Abdul Opposites Attract
0%
1993 34 Duran Duran Ordinary World
0%
1963 33 Ruby & the Romantics Our Day Will Come
0%
1978 43 Natalie Cole Our Love
0%
1999 88 Fastball Out of My Head
0%
1985 6 Hall & Oates Out of Touch
0%
1958 23 Bobby Day Over and Over
0%
2006 13 The Fray Over My Head (Cable Car)
0%
1968 73 Gary Puckett & The Union Gap Over You
0%
No matching quizzes found
Score Distribution
Percent of People with Each Score
Percentile by Number Answered
Your Score History
You have not taken this quiz since the last reset